Nature Cure for common diseases/ (Record no. 159160)

MARC details
000 -LEADER
fixed length control field 00507nam a22001817a 4500
005 - DATE AND TIME OF LATEST TRANSACTION
control field 20181206152818.0
010 ## - LCCN (DPL NO)
LC control number B-161830
020 ## - INTERNATIONAL STANDARD BOOK NUMBER
International Standard Book Number 9798189093746
Terms of availability 95.00
035 ## - SYSTEM CONTROL NUMBER
System control number B-161830
037 ## - SOURCE OF ACQUISITION
Source of stock number/acquisition Lotus Press
082 ## - DEWEY DECIMAL CLASSIFICATION NUMBER
Classification number 615.535
100 ## - MAIN ENTRY--PERSONAL NAME
Personal name Devraj, T.L.
245 ## - TITLE STATEMENT
Title Nature Cure for common diseases/
Statement of responsibility, etc by T.L. Devraj
260 ## - PUBLICATION, DISTRIBUTION, ETC. (IMPRINT)
Place of publication, distribution, etc New Delhi
Name of publisher, distributor, etc Lotus Press
Date of publication, distribution, etc 2005
300 ## - PHYSICAL DESCRIPTION
Extent 179p.
Dimensions 24cm.(Pbk.)
942 ## - ADDED ENTRY ELEMENTS (KOHA)
Source of classification or shelving scheme Dewey Decimal Classification
Item type English Books
Classification part 615.535
Call number suffix DEV
Holdings
Withdrawn status Lost status Not for loan Collection code Home library Current library Date acquired Full call number Barcode Koha item type Public note
      Non-fiction Sarojini Nagar Sarojini Nagar 06/12/2018 615.535 DEV B-161830 English Books  
      Non-fiction Sarojini Nagar Sarojini Nagar 30/05/2019 615.535 DEV B-161806 English Books Withdrawn List Prepared L.No.10/4

© Delhi Public Library
Hit Counter
free hit counter